书目信息 |
| 题名: |
品牌办学之思考
|
|
| 作者: | 刘鹏照 著 | |
| 分册: | ||
| 出版信息: | 北京 光明日报出版社 2015 |
|
| 页数: | 232页 | |
| 开本: | 25cm | |
| 丛书名: | ||
| 单 册: | ||
| 中图分类: | G718.5 | |
| 科图分类: | ||
| 主题词: | 高等职业教育--学校管理--研究 | |
| 电子资源: | ||
| ISBN: | 978-7-5112-8123-4 | |
| 000 | 00913nam0 2200253 450 | |
| 001 | 012015000049 | |
| 005 | 20151210163236.89 | |
| 010 | @a978-7-5112-8123-4@b精装@dCNY68.00 | |
| 100 | @a20151101d2015 em y0chiy50 ea | |
| 101 | 0 | @achi |
| 102 | @aCN@b110000 | |
| 105 | @ay z 000yy | |
| 106 | @ar | |
| 200 | 1 | @a品牌办学之思考@Apin pai ban xue zhi si kao@dThought on the brand of running school@f刘鹏照著@zeng |
| 210 | @a北京@c光明日报出版社@d2015 | |
| 215 | @a232页@d25cm | |
| 300 | @a当代中国学术文库 | |
| 330 | @a本书是作者带领学院走品牌办学之路,以质量赢信誉、以特色谋发展的一本探索手记。全书分为党建思政篇、治校发展篇、交流合作篇和育人思考篇共四篇。 | |
| 510 | 1 | @aThought on the brand of running school@zeng |
| 606 | 0 | @a高等职业教育@x学校管理@x研究 |
| 690 | @aG718.5@v5 | |
| 701 | 0 | @a刘鹏照@Aliu peng zhao@f(1964.10-)@4著 |
| 801 | 0 | @aCN@b碧洲教育@c20151129 |
| 905 | @a10447@f3@dG718.5@e29 | |
| 品牌办学之思考=Thought on the brand of running school/刘鹏照著.-北京:光明日报出版社,2015 |
| 232页;25cm |
| 当代中国学术文库 |
| ISBN 978-7-5112-8123-4(精装):CNY68.00 |
| 本书是作者带领学院走品牌办学之路,以质量赢信誉、以特色谋发展的一本探索手记。全书分为党建思政篇、治校发展篇、交流合作篇和育人思考篇共四篇。 |
| ● |
| 相关链接 |
|
|
|
|
正题名:品牌办学之思考
索取号:G718.5/29
 
预约/预借
| 序号 | 登录号 | 条形码 | 馆藏地/架位号 | 状态 | 备注 |
| 1 | 0872296 | 208722961 | 第一样本阅览室/ [索取号:G718.5/29] | 在馆 | |
| 2 | 0872297 | 208722970 | 教育系资料室/ [索取号:G718.5/29] | 在馆 | |
| 3 | 0872298 | 208722989 | 教育系资料室/ [索取号:G718.5/29] | 在馆 |